| 000 | 00000nam 2200000zi 4500 |
| 001 | 9.561624 |
| 003 | CaOODSP |
| 005 | 20260106135329 |
| 007 | cr ||||||||||| |
| 008 | 150406s1997 xxc|||||o f|0| 0 eng d |
| 040 | |aCaOODSP|beng |
| 043 | |an-cn--- |
| 086 | 1 |aM91-7/425-1997E-PDF |
| 100 | 1 |aHamlin, Tom, |eauthor. |
| 245 | 10|aAirtightness and energy efficiency of new conventional and R-2000 housing in Canada, 1997 / |cPrepared by Tom Hamlin and John Gusdorf. |
| 246 | 3 |aReport on new conventional houses |
| 264 | 1|bNatural Resources Canada, |c1997. |
| 300 | |a1 online resource (91 pages) : |bgraphs, references, tables. |
| 336 | |atext|btxt|2rdacontent |
| 337 | |acomputer|bc|2rdamedia |
| 338 | |aonline resource|bcr|2rdacarrier |
| 490 | 1 |a[Technology report] |
| 500 | |aThe catalogue number (M91-7/425-1997E) and ISBN (? 0-660-17264-X) for the print edition have been incorrectly copied in this PDF edition. |
| 520 | 3 |aThis technical report is part of a series that presents the results of research done for CANMET, the Canada Centre for Mineral and Energy Technology. The research relates to energy technology in several fields, including: advanced combustion technology; community energy systems; renewable energy technology; and the built environment, in the areas of housing, buildings, software, and simulation R&D. |
| 546 | |a(Résumé en français.) |
| 590 | |a06-50|b2006-12-15 |
| 690 | 07|aAir|2gcpds |
| 690 | 07|aEnergy efficiency|2gcpds |
| 690 | 07|aHousing|2gcpds |
| 710 | 2 |aCANMET Energy Technology Centre (Canada), |eissuing body. |
| 776 | 0#|tAirtightness and energy efficiency of new conventional and R-2000 housing in Canada, 1997 / |w(CaOODSP)9.614177 |
| 830 | #0|a[Technology report]|w(CaOODSP)9.504720 |
| 856 | 40|ahttp://publications.gc.ca|qPDF|s7212 KB|uhttps://publications.gc.ca/collections/Collection/M91-7-425-1997E.pdf |